zpět

Detail výsledku týmu

Club Náplavka, Karlovy Vary

Datum a čas kvízu

31 Celkem bodů Celkový počet nahraných bodů na tomto kvízu bez doplňovacích otázek.
10. Pořadí na kvízu Konečné umístění týmu na tomto kvízu.

Zaznamenané odpovědi

# Otázka Odpověď Body Výsledky
1. Minulý týden jsme sledovali po... v Turecku 1
2. Parlamentní volby v Maďarsku s... TISZA 1
3. V sobotu se na pražském Výstav... Mňága a Žďorp 0
4. Americký Federální úřad pro le... A 1
5. Desátý hráč žebříčku ATP utrpě... Daniil Medveděv 1
6. Vaším prvním úkolem v dnešním... 1C 2A 3D 4B 1
7. Poznejte gangsterku dle stručn... Dannyho parťáci (Ocean's Eleven) 1
8. Italští herci Carlo Pedersoli... Bud Spencer a Terence Hill 0
9. Gangster, na kterého se ptáme,... Jabba Hutt 1
10. Uveďte jméno i příjmení postav... John Wick 1